Normal view
MARC view
- Dʹi︠a︡chenko, P. I︠A︡
Entry Personal Name
001 - CONTROL NUMBER
- control field: 45439
003 - CONTROL NUMBER IDENTIFIER
- control field: NUST
005 - DATE AND TIME OF LATEST TRANSACTION
- control field: 20210314133239.0
008 - FIXED-LENGTH DATA ELEMENTS
- fixed length control field: 210314|| aca||aabn | a|a d
040 ## - CATALOGING SOURCE
- Original cataloging agency: NUST
- Transcribing agency: NUST
100 ## - HEADING--PERSONAL NAME
- Personal name: Dʹi︠a︡chenko, P. I︠A︡
670 ## - SOURCE DATA FOUND
- Source citation: Work cat.: (NUST): Dʹi︠a︡chenko, P. I︠A︡., Precast reinforced concrete /, [1964]
